00353nam a2200133Ia 4500008004100000041000800041082001400049100004400063245002900107260004700136300000700183542001500190650001400205220531s9999 xx 000 0 und d aeng bSTA / DRI aDrishti Stree Adhyayan Prabodhan Kendra aStatus of Women in India aPunebDrishti Abhyas Adhyayan Kendrac2019 a72 d29-01-2020 aSociology